Normal view
MARC view
- Lynton P. Rolf
Entry Personal Name
001 - CONTROL NUMBER
- control field: 7528
003 - CONTROL NUMBER IDENTIFIER
- control field: OSt
005 - DATE AND TIME OF LATEST TRANSACTION
- control field: 20220124124116.0
008 - FIXED-LENGTH DATA ELEMENTS
- fixed length control field: 220124|| aca||aabn | a|a d
040 ## - CATALOGING SOURCE
- Original cataloging agency: OSt
- Transcribing agency: OSt
100 ## - HEADING--PERSONAL NAME
- Personal name: Lynton P. Rolf
670 ## - SOURCE DATA FOUND
- Source citation: Work cat.: (OSt): Lynton P. Rolf, Training For Development (Hindi Book), 2018